|
|
|
|
| LEADER |
00739nam a2200229 4500 |
| 020 |
|
|
|a 8120800346
|c 0.0
|
| 082 |
|
|
|a 910.45 HIM
|
| 100 |
|
|
|a HIMANSHU PRABHA RAY
|
| 245 |
|
|
|a ARCHAEOLOGY OF SEAFARING: THE INDIAN OCEAN IN THE ANCIENT PERIOD
|h ENGLISH
|
| 250 |
|
|
|
| 260 |
|
|
|a Meerut
|b Pragati prakasan
|c 1999
|
| 300 |
|
|
|a 1190 p
|f HB
|
| 500 |
|
|
|a
|
| 501 |
|
|
|a General
|
| 538 |
|
|
|
| 590 |
|
|
|
| 630 |
|
|
|a GEOGRAPHY
|
| 650 |
|
|
|a ARCHAEOLOGY OF SEAFARING-- THE INDIAN OCEAN IN THE ANCIENT PERIOD
|
| 700 |
|
|
|a SHASREI J L
|e Editor
|
| 942 |
|
|
|c BK
|
| 999 |
|
|
|c 177057
|d 177057
|
| 952 |
|
|
|0 0
|1 0
|4 0
|6 910_450000000000000_HIM
|7 0
|9 190422
|a AGY
|b AGY
|g 0.00
|l 0
|o 910.45 HIM
|p AGY1266
|r 2019-10-25
|w 2019-10-25
|y BK
|